ABNORMAL PSYCHOLOGY (Record no. 18151)

MARC details
000 -LEADER
fixed length control field 00308nam a22001457a 4500
003 - CONTROL NUMBER IDENTIFIER
control field SGT
020 ## - INTERNATIONAL STANDARD BOOK NUMBER
International Standard Book Number 978-93-530-6559-1
082 ## - DEWEY DECIMAL CLASSIFICATION NUMBER
Classification number 151
Item number A19B
100 ## - MAIN ENTRY--PERSONAL NAME
Personal name BUTCHER, JAMES N.
245 ## - TITLE STATEMENT
Title ABNORMAL PSYCHOLOGY
250 ## - EDITION STATEMENT
Edition statement 17TH
260 ## - PUBLICATION, DISTRIBUTION, ETC. (IMPRINT)
Place of publication, distribution, etc INDIA
Name of publisher, distributor, etc PEARSON
Year of Publication 2019
300 ## - PAGE DESCRIPTION
No. of Pages 883
942 ## - ADDED ENTRY ELEMENTS (KOHA)
Source of classification or shelving scheme Dewey Decimal Classification
Koha item type Books
942 ## - ADDED ENTRY ELEMENTS (KOHA)
-- 67
Holdings
Withdrawn status Lost status Source of classification or shelving scheme Damaged status Not for loan Collection code Home library Current library Shelving location Date acquired Vendor Name Cost, normal purchase price SGTU Bill Number Total Checkouts Full call number Accession No. (Barcode) Date last seen Date last borrowed Bill Date Koha item type Total Renewals
    Dewey Decimal Classification     MEDICAL SGT Engineering Library SGT Engineering Library Text Book 01/06/2019 ABC DELHI 829.00 SGTU 10951 42 151 A19B FM11376 19/05/2026 01/05/2026 12/04/2019 Books  
    Dewey Decimal Classification     MEDICAL SGT Engineering Library SGT Engineering Library Text Book 01/06/2019 ABC DELHI 829.00 SGTU 10951 44 151 A19B FM11377 28/04/2026 01/04/2026 12/04/2019 Books 1
    Dewey Decimal Classification     MEDICAL SGT Medical Library SGT Medical Library Text Book 01/06/2019 ABC DELHI 829.00 SGTU 10951 8 151 A19B FM11378 23/10/2025 06/10/2025 12/04/2019 Books  
    Dewey Decimal Classification     MEDICAL SGT Medical Library SGT Medical Library Text Book 01/06/2019 ABC DELHI 829.00 SGTU 10951 10 151 A19B FM11379 20/08/2024 05/08/2024 12/04/2019 Books